Famous 'AS' Initials Quiz Stats

 Plays Quiz Updated Dec 8, 2015

Also try: They Call Me 'SC'
Challenge
Share
Tweet
Embed
Score 0/25 Timer 07:00
3 Plays Today
% Correct
Arnold Schwarzenegger
98.2%
Abraham Simpson
93.6%
Adam Sandler
92.7%
Anwar Sadat
83.3%
Alan Shepard
80.4%
Antonio Stradivari
78.3%
Amanda Seyfried
78.2%
Annika Sörenstam
76.2%
Al Sharpton
72.3%
Aleksandr Sumarokov
69.2%
Arthur Schopenhauer
67.3%
Aurora Sinistra
66.7%
Alyson Stoner
64.9%
% Correct
Andy Samberg
63.8%
Arthur Sullivan
63.5%
Adam Smith
62.3%
Antonin Scalia
61.9%
Alexander Solzhenitsyn
61.9%
Andy Sipowicz
61.8%
Andy Serkis
60.5%
Adam Savage
58.5%
Amar'e Stoudemire
55.4%
Alfonso Soriano
54.9%
Adlai Stevenson
51.9%
Arlen Specter
48.8%

You're not logged in!

Compare scores with friends on all Sporcle quizzes.
OR
Log In

You Might Also Like...

Show Comments

Extras

Top Quizzes Today


Score Distribution

Your Account Isn't Verified!

In order to create a playlist on Sporcle, you need to verify the email address you used during registration. Go to your Sporcle Settings to finish the process.

Report this User

Report this user for behavior that violates our Community Guidelines.

Details: